Sociedad, cultura y psicoanálisis de hoy
Na minha lista:
| Principais autores: | , , , , , |
|---|---|
| Formato: | Livro |
| Idioma: | espanhol |
| Publicado em: |
Buenos Aires
Paidos
1958
|
| coleção: | Biblioteca del Hombre Contemporáneo, 17
|
| Assuntos: | |
| Tags: |
Adicionar Tag
Sem tags, seja o primeiro a adicionar uma tag!
|
MARC
| LEADER | 00000nam a2200000 a 4500 | ||
|---|---|---|---|
| 001 | UCW9889 | ||
| 003 | CL-VaPUC | ||
| 008 | 890704e19580000AG |||||||||||||||||spa|d | ||
| 082 | 0 | 4 | |a 303.32 |b JON |2 21 |
| 100 | |a Jones, Ernest |e author |9 597485 | ||
| 700 | |a Hartmann, Heinz |e author |9 549884 | ||
| 700 | 0 | |a Kris, Ernest |e author |9 315341 | |
| 700 | 0 | |a Wittels, Fritz |e author |9 315342 | |
| 700 | 0 | |a Roheim, Geza |e author |9 315343 | |
| 700 | 0 | |a Schilder, Paul |e author |9 315344 | |
| 245 | 1 | 0 | |a Sociedad, cultura y psicoanálisis de hoy |
| 300 | |a 143 p | ||
| 942 | |c BK | ||
| 945 | |d 19890704 00:00:00 | ||
| 260 | |a Buenos Aires |b Paidos |c 1958 | ||
| 650 | 0 | |a Psicoanálisis |9 265702 | |
| 583 | |a last modification |c 19890704 00:00:00 |k Rodrigo Vera | ||
| 490 | 0 | |a Biblioteca del Hombre Contemporáneo, 17 | |
| 999 | |c 221734 |d 221732 | ||
| 952 | |0 0 |1 0 |4 0 |6 303_320000000000000_JON_1958 |7 0 |8 A |9 215518 |a BIBGIM |b BIBGIM |d 2019-11-15 |i 2839385 |o 303.32 JON 1958 |p 2839385 |r 2025-01-15 |w 2019-11-15 |y BK |k SSL | ||